| 000 | 00379nam a22001577a 4500 | ||
|---|---|---|---|
| 020 | _a9781859962541 | ||
| 082 |
_a576. _bIRV/ME |
||
| 100 |
_aIrving,William _91276 |
||
| 100 |
_aBoswell,Tim _91277 |
||
| 100 |
_aAla'Aldeen,Dlawer _91278 |
||
| 245 | _aBios Instant Notes:Medical Microbiology | ||
| 250 | _a1 | ||
| 260 |
_aNew York _bGarland _c2015 |
||
| 300 | _a350 | ||
| 942 | _cBBS | ||
| 999 |
_c14727 _d14727 |
||